| 000 | 01472cam a2200397 i 4500 | ||
|---|---|---|---|
| 001 | 64709 | ||
| 003 | Mx-PuUPA | ||
| 005 | 20221207114122.0 | ||
| 008 | 160209s2016 mx a gr 000 0 spa d | ||
| 020 | _a9786072422667 | ||
| 020 |
_a9789687791760 _qde la colección el barco de vapor |
||
| 040 |
_aMx-PuUPA _bspa _cMx-PuUPA _dMx-PuUPA _erda |
||
| 041 | 0 | _aspa | |
| 100 | 1 |
_913405 _aPalacio Obón, Martha Riva, _d1975- _eautor |
|
| 245 | 1 | 4 |
_aLas sirenas sueñan con trilobites / _cMartha Riva Palacio Obón ; ilustraciones de Paulina Barraza |
| 250 | _aSegunda edición | ||
| 264 | 1 |
_aCiudad de México : _bSM de ediciones, _c2016 |
|
| 300 |
_a138 páginas : _bilustraciones ; _c19 cm |
||
| 336 |
_2rdacontent _atexto _btxt |
||
| 336 |
_2rdacontent _aimagen fija _bsti |
||
| 337 |
_2rdamedia _asin medio _bn |
||
| 338 |
_2rdacarrier _avolumen _bnc |
||
| 490 | 1 |
_aEl barco de vapor. Naranja ; _v62M |
|
| 500 | _a"Premio El Barco de Vapor 2011". -- Cubierta. | ||
| 521 | 0 | _aA partir de 9+. | |
| 650 | 7 |
_2armarc _aMadre e hijo _xNovelas, cuentos, etc. |
|
| 650 | 7 |
_2armarc _aAmor maternal _xNovela juvenil |
|
| 650 | 7 |
_2armarc _aLiteratura mexicana |
|
| 650 | 7 |
_2armarc _aLiteratura infantil y juvenil _ySiglo XX |
|
| 700 | 1 |
_aBarraza, Paulina, _eilustraciones |
|
| 830 | 0 |
_aBarco de vapor _pNaranja _v62M |
|
| 942 |
_2ddc _cLI _h863 _iB2962 |
||
| 999 |
_c64709 _d64709 |
||